| 000 | 00422nam a22001577a 4500 | ||
|---|---|---|---|
| 003 | OSt | ||
| 008 | 251124b |||||||| |||| 00| 0 eng d | ||
| 082 |
_a630.954 _bI-2A |
||
| 245 | _aNational Commission on Agriculture | ||
| 260 |
_aNew Delhi _bMinistry of Agriculture and Irrigation _c1976 |
||
| 300 | _axv,748p. | ||
| 650 | _aAgriculture | ||
| 650 | _aNational Commission | ||
| 650 | _aAbridged Report | ||
| 942 |
_2ddc _cBK |
||
| 999 |
_c49224 _d49224 |
||